| 000 | 00542nam a2200193Ia 4500 | ||
|---|---|---|---|
| 005 | 20250508153453.0 | ||
| 008 | 008 250505s9999 xx 000 0 eng d | ||
| 037 | _aTextual | ||
| 040 |
_aFEDL _beng _cFEDL |
||
| 041 |
_aeng _2eng |
||
| 084 |
_a370.6, UNI _qFEDL |
||
| 245 | 0 | _aReport by the United States of America under ECOSOC resolution 446 | |
| 245 | 0 | _cUnited States Educational Institutions | |
| 260 | _c1956 | ||
| 300 | _a40p. | ||
| 650 | _aEducation | ||
| 942 |
_cTEXL _h370.6, UNI |
||
| 999 |
_c1343092 _d1343092 |
||